10 Most Populated Countries in Europe Quiz Stats

Quiz Updated Jul 14, 2016

Challenge
Share
Tweet
Embed
Score 0/10 Timer 01:00
8 Plays Today
% Correct
Germany
97.8%
France
96.9%
United Kingdom
96.6%
Russia
93.6%
Spain
91.9%
Italy
89.4%
Turkey
80.3%
Poland
69.3%
Ukraine
67.3%
Romania
38%

You're not logged in!

Compare scores with friends on all Sporcle quizzes.
Sign Up with Email
OR
Log In

You Might Also Like...

Show Comments

Extras

Top Quizzes Today


Score Distribution

Your Account Isn't Verified!

In order to create a playlist on Sporcle, you need to verify the email address you used during registration. Go to your Sporcle Settings to finish the process.